000 00800cam a22002413a 4500
001 22489
003 PGUSA
005 20140828083458.0
008 070902s2007||||xxu|||||s|||||000 | eng d
040 _aPGUSA
_beng
042 _adc
050 4 _aBF
100 1 _aHilton, Warren,
_d1874-1958
245 1 0 _aPower of Mental Imagery :
_bBeing the Fifth of a Series of Twelve Volumes on the Applications of Psychology to the Problems of Personal and Business Efficiency
_h[electronic resource] /
_cWarren Hilton
260 _bProject Gutenberg,
_c2007
506 _aPublic domain in the USA.
516 _aElectronic text
653 _aPsychology, Applied
653 _aImagery (Psychology)
830 0 _aProject Gutenberg
_v22489
856 4 0 _uhttp://www.gutenberg.org/ebooks/22489
942 _cEB
999 _c251744
_d251744